书目信息 |
| 题名: |
美国的诱惑
|
|
| 作者: | 张宏杰 著 | |
| 分册: | ||
| 出版信息: | 广州 花城出版社 2000.10 |
|
| 页数: | 306页 | |
| 开本: | 32开 | |
| 丛书名: | ||
| 单 册: | ||
| 中图分类: | I247.5 | |
| 科图分类: | ||
| 主题词: | 小说--中国 | |
| 电子资源: | ||
| ISBN: | 7-5360-3309-5 | |
| 000 | 00532nam0 2200193 45 | |
| 001 | 0011061072 | |
| 005 | 20001106103739.6 | |
| 010 | @a7-5360-3309-5@d14.80元 | |
| 100 | @a20001106d2000 km y0chiy0120 ea | |
| 101 | 0 | @achi |
| 105 | @a z 000yy | |
| 200 | 1 | @a美国的诱惑@AMei Guo De You Huo@f张宏杰著@FZhang Hong Jie Zhu |
| 210 | @a广州@c花城出版社@d2000.10 | |
| 215 | @a306页@d32开 | |
| 606 | 0 | @a小说@x中国 |
| 690 | @aI247.5@v3 | |
| 701 | 0 | @a张宏杰@4著 |
| 801 | @aCN@bPftUser@c20001106 | |
| 905 | @b199054-058@dI247.5@eZH346/1@f5 | |
| 美国的诱惑/张宏杰著.-广州:花城出版社,2000.10 |
| 306页;32开 |
| ISBN 7-5360-3309-5:14.80元 |
| ● |
| 相关链接 |
|
|
|
正题名:美国的诱惑
索取号:I247.5/ZH346/1
 
预约/预借
| 序号 | 登录号 | 条形码 | 馆藏地/架位号 | 状态 | 备注 |
| 1 | 199054 | 201990541 | 文学库108/108文学库 42排9列1层/ [索取号:I247.5/ZH346/1] | 在馆 | |
| 2 | 199055 | 201990550 | 社科二线400B/400B社科库 18排3列5层/ [索取号:I247.5/ZH346/1] | 在馆 | |
| 3 | 199056 | 201990569 | 文学库108/ [索取号:I247.5/ZH346/1] | 在馆 | |
| 4 | 199057 | 201990578 | 社科二线400B/400B社科库 18排3列5层/ [索取号:I247.5/ZH346/1] | 在馆 | |
| 5 | 199058 | 201990587 | 文学库108/ [索取号:I247.5/ZH346/1] | 在馆 |